000
00236nam a22000977a 4500
999
_c
64644
_d
64641
100
_a
Salman Ali
_a
15CE31
245
_a
Factors causing time overrun of constuction projects
260
_a
Nawabshah
_b
QUEST
_c
2019
300
_a
27
942
_c
BK